[Event "Bad Woerishofen op 34th"]
[Site "Bad Woerishofen"]
[Date "2018.03.01"]
[Round "7"]
[White "Neumueller, Theo"]
[Black "Herold, Gunther"]
[Result "1-0"]
[WhiteElo "2026"]
[BlackElo "1949"]
[PlyCount "45"]
[EventDate "2018.02.23"]
[EventType "swiss"]
[EventRounds "9"]
[EventCountry "GER"]
[SourceTitle "CBM 183 Extra"]
[Source "ChessBase"]
[SourceDate "2018.04.19"]
[SourceVersion "1"]
[SourceVersionDate "2018.04.19"]
[SourceQuality "1"]

1. e4 Nf6 2. e5 Nd5 3. Nc3 Nxc3 4. dxc3 Nc6 5. Bf4 d6 6. Bb5 Bd7 7. Qe2 a6 8. Bc4 e6 9. Nf3 d5 10. Bd3 Be7 11. 0-0-0 b5 12. h4 Na5 13. Ng5 g6 14. Qg4 h5 15. Qg3 Rg8 16. Nh7 Rc8 17. Bg5 Bxg5+ 18. hxg5 Rh8 19. Rxh5 gxh5 20. g6 f5 21. exf6 Rxh7 22. g7 Kf7 23. Qg6+ 1-0

[Event "Bad Woerishofen op 31st"]
[Site "Bad Woerishofen"]
[Date "2015.03.02"]
[Round "4"]
[White "Schneider, Waldemar"]
[Black "Herold, Gunther"]
[Result "0-1"]
[WhiteElo "1808"]
[BlackElo "1902"]
[PlyCount "42"]
[EventDate "2015.02.27"]
[EventType "swiss"]
[EventRounds "9"]
[EventCountry "GER"]
[SourceTitle "CBM 165 Extra"]
[Source "ChessBase"]
[SourceDate "2015.04.21"]
[SourceVersion "1"]
[SourceVersionDate "2015.04.21"]
[SourceQuality "1"]

1. d4 Nf6 2. c4 e5 3. dxe5 Ng4 4. Qd4 d6 5. exd6 Nc6 6. Qe4+ Be6 7. dxc7 Qxc7 8. Bf4 Qb6 9. Nd2 Nxf2 10. Be3 Nxe4 11. Bxb6 Nxd2 12. Kxd2 Bb4+ 13. Kc2 axb6 14. e3 Bc5 15. e4 0-0 16. Nf3 h6 17. Bd3 Nb4+ 18. Kc3 Nxa2+ 19. Kb3 Nb4 20. Rad1 Nxd3 21. Rxd3 b5 0-1

[Event "Bad Woerishofen op 31st"]
[Site "Bad Woerishofen"]
[Date "2015.02.27"]
[Round "1"]
[White "Kozlov, Alexander"]
[Black "Herold, Gunther"]
[Result "1-0"]
[WhiteElo "2152"]
[BlackElo "1902"]
[PlyCount "41"]
[EventDate "2015.02.27"]
[EventType "swiss"]
[EventRounds "9"]
[EventCountry "GER"]
[SourceTitle "CBM 165 Extra"]
[Source "ChessBase"]
[SourceDate "2015.04.21"]
[SourceVersion "1"]
[SourceVersionDate "2015.04.21"]
[SourceQuality "1"]

1. d4 Nf6 2. c4 e5 3. dxe5 Ng4 4. Nf3 Bc5 5. e3 Nc6 6. Be2 Ngxe5 7. Nxe5 Nxe5 8. a3 a5 9. 0-0 0-0 10. Nc3 Re8 11. Qc2 Ra6 12. Ne4 Bf8 13. f4 Ng6 14. c5 Rae6 15. Ng5 Rc6 16. b4 h6 17. Nf3 d5 18. Bb5 Qf6 19. Nd4 Re4 20. Nxc6 Qxa1 21. Bb2 1-0

[Event "Bad Woerishofen op 28th"]
[Site "Bad Woerishofen"]
[Date "2012.03.08"]
[Round "7"]
[White "Herold, Gunther"]
[Black "Spanton, Timothy"]
[Result "0-1"]
[WhiteElo "1871"]
[BlackElo "1968"]
[PlyCount "54"]
[EventDate "2012.03.02"]
[EventType "swiss"]
[EventRounds "9"]
[EventCountry "GER"]
[SourceTitle "EXT 2019"]
[Source "ChessBase"]
[SourceDate "2018.10.10"]
[SourceVersion "1"]
[SourceVersionDate "2018.10.10"]
[SourceQuality "1"]

1. f4 e5 2. fxe5 d6 3. Nf3 dxe5 4. e4 Bc5 5. Bc4 Nf6 6. d3 0-0 7. Bg5 Nc6 8. c3 Qd6 9. Bxf6 Qxf6 10. Qd2 Be6 11. Bxe6 Qxe6 12. b4 Bb6 13. c4 Bd4 14. Nxd4 Nxd4 15. 0-0 f5 16. exf5 Rxf5 17. Nc3 Raf8 18. Ne4 Qg6 19. Ng3 Rf4 20. Rxf4 exf4 21. Qf2 Qxd3 22. Rf1 g6 23. h3 Qxc4 24. Nh1 Qxb4 25. Re1 f3 26. g4 Qxe1+ 27. Qxe1 f2+ 0-1

[Event "Bad Woerishofen op 28th"]
[Site "Bad Woerishofen"]
[Date "2012.03.02"]
[Round "1"]
[White "Herold, Gunther"]
[Black "Weisenburger, Horst"]
[Result "0-1"]
[WhiteElo "1871"]
[BlackElo "2154"]
[PlyCount "48"]
[EventDate "2012.03.02"]
[EventType "swiss"]
[EventRounds "9"]
[EventCountry "GER"]
[SourceTitle "EXT 2019"]
[Source "ChessBase"]
[SourceDate "2018.10.10"]
[SourceVersion "1"]
[SourceVersionDate "2018.10.10"]
[SourceQuality "1"]

1. f4 d5 2. Nf3 Nf6 3. e3 g6 4. b3 Bg7 5. Bb2 0-0 6. Be2 c5 7. 0-0 Nc6 8. Ne5 Qc7 9. Nxc6 Qxc6 10. Bf3 b5 11. a4 b4 12. c4 Ba6 13. Bxf6 Qxf6 14. Ra2 dxc4 15. Bxa8 cxb3 16. Qxb3 Bxf1 17. Kxf1 Rxa8 18. Rc2 Qd6 19. Qc4 e5 20. g3 exf4 21. gxf4 Qc6 22. Kg1 Qxa4 23. Qxc5 a5 24. d4 Qb3 0-1